| 000 | 00600nam a2200181Ia 4500 | ||
|---|---|---|---|
| 003 | GCL | ||
| 008 | 140319s9999 xx 000 0 ara d | ||
| 040 |
_aGCL / _cGCL |
||
| 082 | 0 | 4 |
_a842 _bم ب |
| 100 | 1 | _aيحيى حقى | |
| 245 | 1 | 0 |
_aبلياس وميليزاند / _cيحيى حقى |
| 700 | 1 | _aمحمد غنيمى هلال \\=aماترلنك, موريسv | |
| 490 |
_aروائع المسرح العالمى _v0 |
||
| 650 | 0 | 4 | _aالادب الفرنسى |
| 650 | 0 | 4 | _aالمسرحيات الفرنسية |
| 650 | 0 | 4 | _aالمسرحيات الفرنسية المترجمة |
| 942 |
_2ddc _cBK |
||
| 999 |
_c49493 _d49493 |
||